Lucky Statues - Statistics

General Stats
  • This quiz has been taken 7 times
  • The average score is 8 of 16
Answer Stats
Picture Hint Answer % Correct
Molly Malone (Bosom) Dublin
100%
Margaret Thatcher (Toes) London
100%
St.Peter (Right Foot) Vatican City
100%
Victor Noir (Crotch area) Paris
86%
Fala (Nose and Ears) Washington DC
86%
Greyfriars "Bobby" (Nose) Edinburgh
71%
The Little Princess (Knees) Budapest
57%
Porcellino (Snout) Florence
43%
Cumil the Sewer Worker (Hat) Bratislava
29%
Everard t'Serclaes (Arm and Dog's Head) Brussels
29%
The Angry Boy (Hand) Oslo
29%
Griffin Lions (Paws) Saint Petersburg
29%
Abraham Lincoln (Nose) Springfield
29%
Gregory of Nin (Big Toe) Split
14%
Tortoises / Turtles (Heads) Hanoi
0%
Schöner Brunnen Fountain (Brass Ring) Nuremberg
0%
No matching quizzes found
Score Distribution
Percent of People with Each Score
Percentile by Number Answered
Your Score History
You have not taken this quiz